00513nam a22001337a 4500008004100000020001800041082001800059245015300077260001900230300000900249942001200258999001100270952009800281230602b xxu||||| |||| 00| 0 eng d a9789966190024 a328.307bCPST aInformation, communication and public participation and outreach for the legislaturebA manual for the centre for parliamentary studies and training aNairobi, kenya a202p 2ddccBK c76d76 00102ddc4070a001b001d2023-06-02l0o328.307 CPSTp100001501r2023-06-02w2023-06-02yBK